All 10k+ cities in New Jersey on a Map - Statistics

General Stats
  • This quiz has been taken 307 times
  • The average score is 27 of 109
Answers on the Map
Answers color-coded by a green-red scale on the quiz's map according to % correct below.
 
Answer Stats
City Population % Correct
Newark 311,549
92%
Jersey City 292,449
90%
Trenton 90,871
90%
Atlantic City 38,497
85%
Camden 71,791
85%
Paterson 159,732
82%
Elizabeth 137,298
76%
Hoboken 60,419
67%
Bayonne 71,686
60%
New Brunswick 55,266
59%
Vineland 60,780
59%
Passaic 70,537
58%
Princeton 30,681
54%
East Orange 69,612
52%
Ocean City 11,229
49%
Clifton 90,296
48%
Union City 68,589
48%
Fort Lee 40,191
47%
Perth Amboy 55,436
47%
West New York 52,912
46%
Hackensack 46,030
42%
Asbury Park 15,188
41%
Morristown 20,180
36%
Secaucus 22,181
35%
East Rutherford 10,022
34%
Plainfield 54,586
32%
Kearny 41,999
31%
Long Branch 31,667
30%
Paramus 26,698
30%
Freehold 12,538
28%
Englewood 29,308
27%
Linden 43,738
27%
Rutherford 18,834
27%
Rahway 29,556
26%
Tenafly 15,409
24%
Dover 18,460
22%
Guttenberg 12,017
22%
Harrison 19,450
22%
Fair Lawn 34,927
21%
Garfield 32,655
21%
Edgewater 14,336
20%
Point Pleasant 18,941
20%
Sayreville 45,345
20%
Westfield 31,032
20%
Haddonfield 12,550
19%
Madison 16,937
19%
Metuchen 15,049
19%
Millville 27,491
19%
Phillipsburg 15,249
19%
South Plainfield 24,338
19%
Ramsey 14,798
18%
Summit 22,719
18%
Bridgeton 27,263
17%
Gloucester City 11,484
17%
Hammonton 14,711
17%
Bergenfield 28,321
16%
Lodi 26,206
16%
Red Bank 12,936
16%
Somerville 12,346
16%
Carteret 25,326
15%
Cliffside Park 25,693
15%
Glassboro 23,149
15%
Palisades Park 20,292
14%
Pleasantville 20,629
14%
Middlesex 14,636
13%
North Plainfield 22,808
13%
Ridgefield 11,501
13%
Somers Point 10,469
13%
Wood-Ridge 10,137
13%
Collingswood 14,186
12%
Eatontown 13,597
12%
Fairview 15,025
12%
Franklin Lakes 11,079
12%
Hasbrouck Heights 12,125
12%
Lindenwold 21,641
12%
North Arlington 16,457
12%
Roselle 22,695
12%
Dumont 17,863
11%
Hackettstown 10,248
11%
Oakland 12,748
11%
Totowa 11,065
11%
Bellmawr 11,707
10%
Bound Brook 11,988
10%
Florham Park 12,585
10%
Highland Park 15,072
10%
New Milford 16,923
10%
Pompton Lakes 11,127
10%
Roselle Park 13,967
10%
Tinton Falls 19,181
10%
Westwood 11,282
10%
Glen Rock 12,133
9%
Hillsdale 10,143
9%
Hopatcong 14,362
9%
Maywood 10,080
9%
Ringwood 11,735
9%
Waldwick 10,058
9%
Hawthorne 19,637
8%
River Edge 12,049
8%
Pine Hill 10,764
7%
South River 16,118
7%
Wallington 11,868
7%
Wanaque 11,317
7%
Woodland Park 13,484
7%
Beachwood 10,859
6%
Elmwood Park 21,422
6%
Little Ferry 10,987
6%
Manville 10,953
6%
New Providence 13,650
6%
Lincoln Park 10,915
4%
No matching quizzes found
Score Distribution
Percent of People with Each Score
Percentile by Number Answered
Your Score History
You have not taken this quiz